| 000 | 00717nam a2200265Ia 4500 | ||
|---|---|---|---|
| 003 | OSt | ||
| 005 | 20221006143010.0 | ||
| 006 | a|||||r|||| 00| 0 | ||
| 007 | ta | ||
| 008 | 221006b |||||||| |||| 00| 0 eng d | ||
| 020 | _c654.00 | ||
| 024 | _a7,761 | ||
| 037 | _cTextual | ||
| 040 |
_aEASL _cEASL _beng |
||
| 041 |
_2eng _aeng |
||
| 082 | _aY1.42, M6 | ||
| 100 |
_aMOUER Ross _9283748 |
||
| 245 | 0 |
_aImages of Japanese society _b A study in the structure of social reality |
|
| 260 |
_aLondon _bKPI _c1986 |
||
| 300 |
_a552p. _ccm. |
||
| 490 | _v JEL | ||
| 700 |
_a SUGIMOTO Yoshio _9137507 |
||
| 942 |
_hY1.42, M6 _cTEXL _2CC |
||
| 999 |
_c1075847 _d1075847 |
||